| 000 | 00717nam a2200229Ia 4500 | ||
|---|---|---|---|
| 003 | GCL | ||
| 008 | 140319s9999 xx 000 0 ara d | ||
| 040 |
_aGCL / _cGCL |
||
| 082 | 0 | 4 |
_a362.7 _bا ث |
| 100 | 1 | _aاحمد عكاشة | |
| 245 | 1 | 0 |
_aثقوب فى الضمير : _bنظرة على احوالنا / _cاحمد عكاشة |
| 250 | _aالاولى | ||
| 260 |
_aالقاهرة : _bدار الشروق ، _c1993 |
||
| 300 |
_a207 ص ؛ _c19 سم |
||
| 490 | _a | ||
| 650 | 0 | 4 | _aالمخدرات والشباب |
| 650 | 0 | 4 | _aالشباب فى مصر |
| 650 | 0 | 4 | _aالادمان والشباب |
| 650 | 0 | 4 | _aالادمان |
| 650 | 0 | 4 | _aمصر - الاحوال الاجتماعية |
| 942 |
_2ddc _cBK |
||
| 999 |
_c39626 _d39626 |
||